National Choices and International Processes / (Record no. 14319)
[ view plain ]
| 000 -LEADER | |
|---|---|
| fixed length control field | 01210pam a2200301 a 4500 |
| 001 - CONTROL NUMBER | |
| control field | 1508342 |
| 005 - DATE AND TIME OF LATEST TRANSACTION | |
| control field | 20020824181921.0 |
| 008 - FIXED-LENGTH DATA ELEMENTS--GENERAL INFORMATION | |
| fixed length control field | 890629s1990 enka | b 001 0 eng d |
| 010 ## - LIBRARY OF CONGRESS CONTROL NUMBER | |
| LC control number | 89017314 |
| 020 ## - INTERNATIONAL STANDARD BOOK NUMBER | |
| International Standard Book Number | 9780521365956 |
| 020 ## - INTERNATIONAL STANDARD BOOK NUMBER | |
| International Standard Book Number | 9780521063326 |
| 040 ## - CATALOGING SOURCE | |
| Original cataloging agency | DLC |
| Transcribing agency | DLC |
| Modifying agency | DLC |
| 050 00 - LIBRARY OF CONGRESS CALL NUMBER | |
| Classification number | JX1291 |
| Item number | .M3795 1990 |
| 082 00 - DEWEY DECIMAL CLASSIFICATION NUMBER | |
| Classification number | 327 |
| Edition number | 20 |
| Item number | MAO |
| 100 1# - MAIN ENTRY--PERSONAL NAME | |
| Personal name | Maoz, Zeev. |
| 9 (RLIN) | 15610 |
| 245 10 - TITLE STATEMENT | |
| Title | National Choices and International Processes / |
| Statement of responsibility, etc | Zeev Maoz. |
| 260 ## - PUBLICATION, DISTRIBUTION, ETC. (IMPRINT) | |
| Place of publication, distribution, etc | Cambridge [England] : |
| Name of publisher, distributor, etc | Cambridge University Press, |
| Date of publication, distribution, etc | c1990. |
| 300 ## - PHYSICAL DESCRIPTION | |
| Extent | xviii, 609 p. : |
| Other physical details | ill. ; |
| Dimensions | 24 cm. |
| 490 #0 - Series Statement | |
| Series statement | Cambridge studies in international relations ; |
| -- | 8 |
| -- | 15611 |
| 504 ## - BIBLIOGRAPHY, ETC. NOTE | |
| Bibliography, etc | Includes bibliographical references (p. 566-587) and indexes. |
| 541 ## - IMMEDIATE SOURCE OF ACQUISITION NOTE | |
| Source of acquisition | Bacca ; |
| 650 #0 - SUBJECT ADDED ENTRY--TOPICAL TERM | |
| Topical term or geographic name as entry element | International relations |
| General subdivision | Research. |
| 9 (RLIN) | 15612 |
| 856 42 - ELECTRONIC LOCATION AND ACCESS | |
| Materials specified | Publisher description |
| Uniform Resource Identifier | <a href="http://www.loc.gov/catdir/description/cam023/89017314.html">http://www.loc.gov/catdir/description/cam023/89017314.html</a> |
| 856 41 - ELECTRONIC LOCATION AND ACCESS | |
| Materials specified | Table of contents |
| Uniform Resource Identifier | <a href="http://www.loc.gov/catdir/toc/cam022/89017314.html">http://www.loc.gov/catdir/toc/cam022/89017314.html</a> |
| 942 ## - ADDED ENTRY ELEMENTS (KOHA) | |
| Source of classification or shelving scheme | Dewey Decimal Classification |
| Item type | Book - Borrowing |
| Withdrawn status | Item status | Source of classification or shelving scheme | Damaged status | Not for loan | Vendor | Home library | Current library | Shelving location | Date acquired | Source of acquisition | Cost, normal purchase price | Serial Enumeration / chronology | Total Checkouts | Total Renewals | Full call number | Barcode | Date last seen | Date last borrowed | Koha item type |
|---|---|---|---|---|---|---|---|---|---|---|---|---|---|---|---|---|---|---|---|
| Dewey Decimal Classification | Baccah | Central Library | Central Library | First floor | 01/07/2010 | 290.00 | 10485 | 2 | 1 | 327 MAO | 000021142 | 15/07/2025 | 01/09/2015 | Book - Borrowing |